000 00749nam a2200205 i 4500
001 183086
003 ES-MaACL
005 20251013202338.0
008 140115s1964 fr |||| | fre d
020 _a2-03-800090-5
245 0 0 _aGrammaire Larousse du français contemporain /
_cJean-Claude Chevalier, Claire Blanche-Benveniste, Michel Arrivé [et al.].
260 _aParis :
_bLarousse,
_cimpr. 1964.
300 _a494 p. ;
_c20 cm.
650 0 4 _aLengua francesa-
_xGramática.
_914220
700 0 _aChevalier, Jean-Claude.
_938415
700 1 _aBlanche-Benveniste, Claire,
_d1935-2010
_9154201
700 1 _aArrivé, Michel,
_d1936-
_9154202
852 _aES-MaACL
_jL-29914
_z.- Donat. Miguel A. Velasco
999 _c183086
_d183086